Fourth estate (Record no. 247787)

000 -LEADER
fixed length control field 00227 a2200109 4500
001 - CONTROL NUMBER
control field 12714
090 ## - LOCALLY ASSIGNED LC-TYPE CALL NUMBER (OCLC); LOCAL CALL NUMBER (RLIN)
-- 9712
-- 9712
100 ## - MAIN ENTRY--PERSONAL NAME
Personal name Tyagi,C.S.C
245 ## - TITLE STATEMENT
Title Fourth estate
260 ## - PUBLICATION, DISTRIBUTION, ETC.
Place of publication, distribution, etc. LONDON
Name of publisher, distributor, etc. Gyan Publishing House.
Date of publication, distribution, etc. 2005
300 ## - PHYSICAL DESCRIPTION
Extent 217
942 ## - ADDED ENTRY ELEMENTS (KOHA)
Institution code [OBSOLETE] NUST-CAE
Holdings
Withdrawn status Lost status Damaged status Not for loan Collection code Permanent Location Current Location Date acquired Total Checkouts Barcode Date last seen Price effective from Koha item type
          College of Aeronautical Engineering (CAE) College of Aeronautical Engineering (CAE) 04/03/2017   CAEN-3431 04/05/2017 04/05/2017 Book
© 2023 Central Library, National University of Sciences and Technology. All Rights Reserved.